Statistics for Most expensive football transfers - Spanish players

Click here to take the quiz!

General Stats

  • This quiz has been taken 20 times
  • The average score is 7 of 10

Answer Stats

Fee (M €)SeasonLeftJoinedPlayer% Correct
80,002018-2019AthleticChelseaKepa Arrizabalaga
100%
58,502010-2011LiverpoolChelseaFernando Torres
89%
70,002019-2020Atlético MadridManchester CityRodri
89%
66,002017-2018Real MadridChelseaÁlvaro Morata
84%
55,002021-2022Manchester CityBarcelonaFerran Torres
84%
65,302022-2023BrightonChelseaMarc Cucurella
74%
65,002017-2018AthleticManchester CityAymeric Laporte
68%
44,732013-2014ChelseaManchester UnitedJuan Mata
68%
60,002017-2018ChelseaAtlético MadridDiego Costa
63%
48,002001-2002ValenciaLazioGaizka Mendieta
26%

Score Distribution

Percentile by Number Answered

Percent of People with Each Score

Your Score History

You have not taken this quiz